[Event "Qatar Masters op-B"]
[Site "Doha"]
[Date "2024.12.11"]
[Round "8"]
[White "Lodhi, Mahmood"]
[Black "Khalil, Manar"]
[Result "1-0"]
[WhiteElo "2150"]
[BlackElo "1907"]
[PlyCount "121"]
[EventDate "2024.12.03"]
[EventType "swiss"]
[EventRounds "9"]
[EventCountry "QAT"]
[SourceTitle "CB51_2024"]
[SourceDate "2024.12.18"]
[SourceVersion "1"]
[SourceVersionDate "2024.12.18"]
[SourceQuality "1"]

1. d4 d5 2. Nf3 Nf6 3. g3 e6 4. Bg2 c5 5. 0-0 Nc6 6. b3 Be7 7. Bb2 0-0 8. e3 b5 9. Qe2 Rb8 10. Nbd2 c4 11. Ne5 Qc7 12. a4 Nxe5 13. dxe5 c3 14. exf6 Bxf6 15. Ba3 b4 16. Bxb4 Rxb4 17. Nf3 Qb6 18. Rfd1 Ba6 19. Qe1 Rc8 20. Bf1 Bb7 21. Qe2 e5 22. Ne1 Qe6 23. Nd3 Rb6 24. b4 Ba8 25. a5 Rbb8 26. Nc5 Qc6 27. Rab1 d4 28. e4 Be7 29. Na6 Rb7 30. b5 Qe6 31. Qh5 g6 32. Qh3 Qxh3 33. Bxh3 Rd8 34. Bf1 Rbd7 35. Bd3 Kg7 36. Nb4 Rc8 37. f3 h5 38. Kg2 h4 39. Nc6 Bd6 40. Nb4 f6 41. a6 hxg3 42. hxg3 Rdd8 43. Na2 Rb8 44. Nc1 Bc6 45. Ne2 Bd7 46. Rh1 Bc5 47. Rh2 Rh8 48. Rxh8 Kxh8 49. g4 Be6 50. Kg3 Rb6 51. f4 Ba3 52. f5 Bg8 53. fxg6 Kg7 54. Kf3 Bb2 55. Ng3 Kxg6 56. Nf5 Rb8 57. Ne7+ Kg7 58. Nc6 Ra8 59. Nxa7 Be6 60. b6 Bc8 61. Nxc8 1-0

[Event "Arab-ch (Women)"]
[Site "Sharjah"]
[Date "2024.11.13"]
[Round "7"]
[White "Rouda Essa, Alserkal"]
[Black "Khalil, Manar"]
[Result "1-0"]
[WhiteElo "1988"]
[BlackElo "1900"]
[PlyCount "97"]
[EventDate "2024.11.07"]
[EventType "swiss"]
[EventRounds "9"]
[EventCountry "UAE"]
[SourceTitle "CB47_2024"]
[SourceDate "2024.11.20"]
[SourceVersion "1"]
[SourceVersionDate "2024.11.20"]
[SourceQuality "1"]

1. e4 c5 2. Nf3 d6 3. d4 cxd4 4. Nxd4 Nf6 5. Nc3 a6 6. Qd3 e6 7. g4 Nfd7 8. Bg2 Ne5 9. Qe2 Nbc6 10. Nxc6 bxc6 11. g5 a5 12. f4 Ba6 13. Qf2 Nd7 14. Be3 Rb8 15. b3 d5 16. a3 Qc7 17. Ne2 Bd6 18. 0-0 0-0 19. Rfe1 Rfe8 20. Ng3 Nf8 21. Nh5 Bb7 22. Bd4 e5 23. Bb6 Qe7 24. exd5 cxd5 25. h4 e4 26. f5 f6 27. gxf6 gxf6 28. Kh1 a4 29. Rg1 Kh8 30. Be3 Qf7 31. Qe2 Nd7 32. Bh3 Rg8 33. Bh6 Bf8 34. Rxg8+ Qxg8 35. Rg1 Qf7 36. Bg7+ Bxg7 37. Rxg7 Qe8 38. Bg4 d4 39. Qb5 e3+ 40. Kg1 Bc8 41. Qd5 axb3 42. cxb3 Rb6 43. Be2 Ne5 44. Qxd4 Rc6 45. Qxe3 Bxf5 46. Qh6 Rc1+ 47. Qxc1 Nd7 48. Qh6 Qf8 49. b4 1-0

[Event "Arab-ch (Women)"]
[Site "Sharjah"]
[Date "2024.11.09"]
[Round "3"]
[White "Khalil, Manar"]
[Black "Allam, Yara"]
[Result "1-0"]
[WhiteElo "1900"]
[BlackElo "1945"]
[PlyCount "207"]
[EventDate "2024.11.07"]
[EventType "swiss"]
[EventRounds "9"]
[EventCountry "UAE"]
[SourceTitle "CB47_2024"]
[SourceDate "2024.11.20"]
[SourceVersion "1"]
[SourceVersionDate "2024.11.20"]
[SourceQuality "1"]

1. e4 c5 2. Nf3 e6 3. d4 cxd4 4. Nxd4 a6 5. Bd3 Nf6 6. Qe2 d6 7. 0-0 Nbd7 8. Nc3 Be7 9. Bd2 0-0 10. Kh1 Qc7 11. f4 b5 12. b4 Bb7 13. Nf3 Rfc8 14. a4 bxa4 15. Nxa4 d5 16. e5 Ne4 17. Be1 Nb6 18. Nxb6 Qxb6 19. Ng5 Bxg5 20. fxg5 Qd4 21. Bg3 Qxb4 22. Qh5 g6 23. Qh4 Qf8 24. Bf4 a5 25. Be3 a4 26. c4 Nc5 27. Be2 Nb3 28. Ra2 d4 29. Bxd4 Nxd4 30. Qxd4 Qc5 31. Qf4 Rc7 32. Rd1 Bc6 33. Rad2 Rcc8 34. Rf1 Be8 35. Qf6 a3 36. Ra2 Ra5 37. h4 Qxe5 38. Qf3 Qd4 39. Qg3 Qc5 40. Rf3 Rca8 41. Qg4 Rb8 42. Qe4 Bc6 43. Qf4 Rb7 44. Rd3 Ra8 45. Raxa3 Rb1+ 46. Bf1 Rc8 47. Kh2 Rb4 48. Rac3 Be8 49. Re3 Rd8 50. Qf6 Rd4 51. g3 Rd2+ 52. Re2 Rbb2 53. Qf3 Bc6 54. Qe3 Rxe2+ 55. Bxe2 Rb1 56. Bf3 Rb2+ 57. Kg1 Rb1+ 58. Kf2 Qf5 59. Rd3 Rb2+ 60. Ke1 Qa5+ 61. Kf1 Rb1+ 62. Rd1 Rxd1+ 63. Bxd1 Qf5+ 64. Qf4 Qh3+ 65. Ke2 Qg2+ 66. Kd3 Qb2 67. Qd6 Qb1+ 68. Bc2 Qf1+ 69. Kc3 Qe1+ 70. Kb2 Be8 71. Qb8 Kf8 72. c5 Qh1 73. Qe5 Qb7+ 74. Kc3 Qf3+ 75. Kc4 Bc6 76. Bd3 Bd5+ 77. Kc3 Bc6 78. Qd6+ Kg7 79. Qe5+ Kf8 80. Qd6+ Kg7 81. Kb4 Bd5 82. Qe5+ Kf8 83. Bb5 Qf2 84. Qd6+ Kg7 85. Ka5 Qd2+ 86. Kb6 Qd4 87. Qf4 Qg1 88. Qf6+ Kf8 89. Qc3 Qf2 90. Kc7 e5 91. Kd6 Bf3 92. c6 Bxc6 93. Bxc6 Qd4+ 94. Qxd4 exd4 95. Be4 Kg7 96. Ke5 h6 97. gxh6+ Kxh6 98. Kf6 Kh5 99. Bf3+ Kh6 100. Kxf7 d3 101. g4 d2 102. g5+ Kh7 103. h5 gxh5 104. g6+ 1-0

[Event "Arab-ch (Women)"]
[Site "Sharjah"]
[Date "2024.11.08"]
[Round "2"]
[White "Latreche, Sabrina"]
[Black "Khalil, Manar"]
[Result "1-0"]
[WhiteElo "2014"]
[BlackElo "1900"]
[PlyCount "172"]
[EventDate "2024.11.07"]
[EventType "swiss"]
[EventRounds "9"]
[EventCountry "UAE"]
[SourceTitle "CB47_2024"]
[SourceDate "2024.11.20"]
[SourceVersion "1"]
[SourceVersionDate "2024.11.20"]
[SourceQuality "1"]

1. e4 c5 2. Nf3 Nc6 3. Bb5 g6 4. 0-0 Bg7 5. Bxc6 dxc6 6. h3 Nf6 7. d3 Nd7 8. Re1 e5 9. Be3 b6 10. Nbd2 0-0 11. Nf1 h6 12. Ng3 Re8 13. Qc1 Kh7 14. Nh2 Nf8 15. a4 a5 16. Rf1 Ne6 17. Rb1 Qh4 18. Nf3 Qf6 19. Ne2 g5 20. Nh2 Nf4 21. Nxf4 gxf4 22. Bd2 Qg6 23. Kh1 Qh5 24. Qd1 Qxd1 25. Rfxd1 Be6 26. Bc3 Red8 27. Nf3 f6 28. b3 Ra7 29. Ra1 Bf8 30. Nd2 Bd6 31. Kh2 Bc7 32. g3 fxg3+ 33. fxg3 Rg8 34. Rf1 Bd8 35. Rf3 Rag7 36. Raf1 h5 37. Ra1 Rd7 38. Nf1 Rdg7 39. Ne3 Rg5 40. Bd2 R5g7 41. Raf1 Rb7 42. Ng2 Rbg7 43. Nh4 Rb7 44. Be3 Rd7 45. Kg2 Rgg7 46. Nf5 Rg6 47. Rh1 Kg8 48. Kf2 Rh7 49. Rg1 Kf7 50. Nd6+ Ke7 51. Nf5+ Kd7 52. Bd2 Rg8 53. h4 Rg4 54. Ne3 Rg8 55. Bc3 Rg6 56. Nf5 Rg4 57. Be1 Rg6 58. Ke3 Rg4 59. Rg2 Rg6 60. Kd2 Rg8 61. Kc3 b5 62. Bf2 Bxf5 63. Rxf5 Be7 64. Be1 Ke6 65. Kb2 Bd8 66. Rg1 Rhh8 67. Rgf1 Rg6 68. R1f3 Rh7 69. c3 Rgg7 70. axb5 cxb5 71. d4 c4 72. dxe5 fxe5 73. Rf8 Rd7 74. Re8+ Kd6 75. Rff8 Kc7 76. Rxe5 Rd1 77. Bf2 b4 78. Rc5+ Kb7 79. Rxc4 Rhd7 80. cxb4 R7d2+ 81. Rc2 axb4 82. Rf7+ Kb8 83. Be3 Rd7 84. Bf4+ Kb7 85. Rxd7+ Rxd7 86. Rc5 Kb6 1-0

[Event "Asia Nations online Cup (Women)"]
[Site "Chess.com INT"]
[Date "2020.10.17"]
[Round "5.7"]
[White "Khalil, Manar"]
[Black "Su, Laet Nandar"]
[Result "1-0"]
[WhiteElo "1793"]
[BlackElo "1552"]
[PlyCount "57"]
[EventDate "2020.10.11"]
[EventType "team-swiss (rapid)"]
[EventRounds "9"]
[EventCountry "IND"]
[SourceTitle "CBM 198 Extra"]
[Source "ChessBase"]
[SourceDate "2020.11.30"]
[SourceVersion "1"]
[SourceVersionDate "2020.11.30"]
[SourceQuality "1"]
[WhiteTeam "Syria (W)"]
[BlackTeam "Myanmar (W)"]
[WhiteTeamCountry "SYR"]
[BlackTeamCountry "MYA"]

1. e4 d6 2. d4 Nf6 3. Bd3 g6 4. c3 Bg7 5. Nf3 Nbd7 6. Bf4 0-0 7. 0-0 Re8 8. Qc2 e5 9. dxe5 Nxe5 10. Nxe5 dxe5 11. Be3 b6 12. h3 Qe7 13. Nd2 Bb7 14. Nf3 Rad8 15. Rad1 Rd6 16. Nd2 Rdd8 17. Nc4 a6 18. a4 Nd7 19. b4 Rf8 20. Rfe1 Nf6 21. a5 b5 22. Bc5 Qe6 23. Bxf8 Rxd3 24. Qxd3 bxc4 25. Qd8 Bxf8 26. Qxc7 Bxe4 27. Rd8 Kg7 28. f3 Bd3 29. Rxe5 1-0

[Event "Asia Nations online Cup (Women)"]
[Site "Chess.com INT"]
[Date "2020.10.11"]
[Round "2.9"]
[White "Khalil, Manar"]
[Black "Gan, Emily Cathay"]
[Result "1/2-1/2"]
[WhiteElo "1793"]
[BlackElo "1160"]
[PlyCount "80"]
[EventDate "2020.10.11"]
[EventType "team-swiss (rapid)"]
[EventRounds "9"]
[EventCountry "IND"]
[SourceTitle "CBM 198 Extra"]
[Source "ChessBase"]
[SourceDate "2020.11.30"]
[SourceVersion "1"]
[SourceVersionDate "2020.11.30"]
[SourceQuality "1"]
[WhiteTeam "Syria (W)"]
[BlackTeam "New Zealand (W)"]
[WhiteTeamCountry "SYR"]
[BlackTeamCountry "NZL"]

1. e4 g6 2. d4 Bg7 3. Nf3 c5 4. Be3 Nc6 5. c3 Nf6 6. Bd3 cxd4 7. Nxd4 d5 8. Nxc6 bxc6 9. Qa4 Bb7 10. 0-0 0-0 11. h3 Qc7 12. Nd2 Rfd8 13. Rad1 c5 14. exd5 Nxd5 15. Nc4 a5 16. Be4 Nxc3 17. bxc3 Bxe4 18. Rxd8+ Rxd8 19. Rc1 Ra8 20. Qa3 Rc8 21. Rd1 Rd8 22. Rxd8+ Qxd8 23. Nd2 Bc6 24. Qxc5 Bd5 25. c4 Bb7 26. Qb5 Ba8 27. a4 Bc3 28. Nf1 Kg7 29. Qg5 f6 30. Qb5 Be4 31. Bb6 Qd1 32. Qe8 Bd3 33. Qxe7+ Kh6 34. Be3+ g5 35. Qf8+ Kh5 36. g4+ Kg6 37. Qg8+ Kh6 38. Qf8+ Kg6 39. Qg8+ Kh6 40. Qf8+ Kg6 1/2-1/2

[Event "Asia Nations online Cup (Women)"]
[Site "Chess.com INT"]
[Date "2020.10.11"]
[Round "1.1"]
[White "Padmini, Rout"]
[Black "Khalil, Manar"]
[Result "1-0"]
[WhiteElo "2370"]
[BlackElo "1793"]
[PlyCount "57"]
[EventDate "2020.10.11"]
[EventType "team-swiss (rapid)"]
[EventRounds "9"]
[EventCountry "IND"]
[SourceTitle "CBM 198 Extra"]
[Source "ChessBase"]
[SourceDate "2020.11.30"]
[SourceVersion "1"]
[SourceVersionDate "2020.11.30"]
[SourceQuality "1"]
[WhiteTeam "India (W)"]
[BlackTeam "Syria (W)"]
[WhiteTeamCountry "IND"]
[BlackTeamCountry "SYR"]

1. Nf3 d5 2. g3 c5 3. Bg2 Nc6 4. 0-0 e5 5. c4 d4 6. d3 Be7 7. e3 Nf6 8. exd4 exd4 9. Bf4 0-0 10. Ne5 Bd7 11. Nxd7 Qxd7 12. Nd2 Rfe8 13. a3 h6 14. Ne4 Nxe4 15. Bxe4 Bd6 16. Qf3 Bxf4 17. Qxf4 Ne5 18. b4 Qh3 19. Bg2 Qh5 20. Rad1 b6 21. Bxa8 Rxa8 22. Kg2 Re8 23. h3 Qg6 24. Rfe1 Qc6+ 25. Qe4 Qd6 26. f4 Ng6 27. Qxe8+ Kh7 28. Qxf7 cxb4 29. Re6 1-0